Green Day Lyrics - Statistics

General Stats
  • This quiz has been taken 3,297 times
  • The average score is 6 of 13
Answer Stats
Hint Answer % Correct
I am one of those melodramatic _____ fools
92%
Drenched in my ____ again pain
71%
Take the photographs and _____ ______ in your mind still frames
71%
I'm walking down the line, that _______ me somewhere in my mind divides
64%
But I can't recall the ____ name
50%
Do you know the _____? enemy
46%
Just cause, just cause we're _______ yeah! outlaws
43%
She's a symbol of __________ resistance
41%
The _____ that's in between insane and insecure space
40%
He steals the image of her kiss, from her ______ apocalypse hearts
30%
__________ and dreams of tomorrow television
29%
Hear the kids walking down the street, like the ___________ murmer of a heartbeat desperation
28%
The _______ of war and fear that we've victimised product
12%
No matching quizzes found
Score Distribution
Percent of People with Each Score
Percentile by Number Answered
Your Score History
You have not taken this quiz